UBT Library

The world we have lost : (Record no. 39104)

000 -LEADER
fixed length control field 00644pam a2200241 a 4500
001 - CONTROL NUMBER
control field 4731474
005 - DATE AND TIME OF LATEST TRANSACTION
control field 20171218082857.0
008 - FIXED-LENGTH DATA ELEMENTS--GENERAL INFORMATION
fixed length control field 840112s1984 nyu b 001 0 eng
010 ## - LIBRARY OF CONGRESS CONTROL NUMBER
LC control number 84001242
020 ## - INTERNATIONAL STANDARD BOOK NUMBER
International Standard Book Number 0684180804 :
Terms of availability $19.95
020 ## - INTERNATIONAL STANDARD BOOK NUMBER
International Standard Book Number 0684180790 (pbk.) :
Terms of availability $12.95
040 ## - CATALOGING SOURCE
Original cataloging agency DLC
Transcribing agency DLC
Modifying agency DLC
041 ## - LANGUAGE CODE
Language code of text/sound track or separate title eng
043 ## - GEOGRAPHIC AREA CODE
Geographic area code e-uk---
080 ## - UNIVERSAL DECIMAL CLASSIFICATION NUMBER
Universal Decimal Classification number 306.0941 LAS
082 00 - DEWEY DECIMAL CLASSIFICATION NUMBER
Classification number 306.0941 LAS
Edition number 19
100 1# - Rafti
Rafti 17
101 ## - Shkurtesa
Shkurtesa HIS
245 14 - TITLE STATEMENT
Title The world we have lost :
Statement of responsibility, etc Peter Laslett.
504 ## - BIBLIOGRAPHY, ETC. NOTE
Bibliography, etc Bibliography: p. [341]-346.
906 ## - LOCAL DATA ELEMENT F, LDF (RLIN)
a 7
b cbc
c orignew
d 1
e ocip
f 19
g y-gencatlg
942 ## - ADDED ENTRY ELEMENTS (KOHA)
Source of classification or shelving scheme
Item type Books
Holdings
Withdrawn status Lost status Source of classification or shelving scheme Damaged status Not for loan Collection code Permanent location Current location Shelving location Date acquired Total Checkouts Full call number Barcode Date last seen Price effective from Koha item type
          Koleksioni i përgjithshem UBT - Lipjan UBT - Lipjan Koleksioni i përgjithshem 12/18/2017   306.0941 LAS 002-2939030 12/18/2017 12/18/2017 Books
UBT Library © 2015-2024. All rights reserved University Education for Business and Technology